[Event "Championnat de France des Jeunes - Cadet"]
[Site "LA ROCHE SUR YON"]
[Date "2008.04.26"]
[Round "8.4"]
[White "Hedouin, Priscillia"]
[Black "Genzling, Sylvie"]
[Result "0-1"]
[WhiteElo "1470"]
[BlackElo "1955"]
[PlyCount "76"]
[EventDate "2008.??.??"]

1. f4 d5 2. e3 Nf6 3. Nf3 e6 4. b3 c5 5. Bb2 Be7 6. Bd3 Nc6 7. O-O O-O 8. Nc3
a6 9. a3 b5 10. Qe1 Ne8 11. Qg3 f5 12. Nd1 Bf6 13. Bxf6 Nxf6 14. Nf2 Ne4 15.
Qh3 Rf6 16. Bxe4 dxe4 17. Ne1 Qxd2 18. Rd1 Qa5 19. Qh5 g6 20. Qh6 Qc7 21. g4
Rf7 22. g5 e5 23. Ng2 exf4 24. exf4 Nd4 25. Ne3 Be6 26. Kg2 Rd8 27. h4 Rg7 28.
h5 gxh5 29. Qxh5 Qxf4 30. Nh3 Qxe3 31. Nf4 Bf7 32. Qh4 Re8 33. Rde1 Qd2+ 34.
Qf2 Rxg5+ 35. Kh2 Nf3+ 36. Kh1 Qxf2 37. Rxf2 Nxe1 38. Rf1 Nf3 0-1

[Event "Championnat de France des Jeunes - Cadet"]
[Site "LA ROCHE SUR YON"]
[Date "2008.04.26"]
[Round "8.5"]
[White "Leriquier, Claire"]
[Black "Vinckier, Delphine"]
[Result "0-1"]
[WhiteElo "1890"]
[BlackElo "1818"]
[PlyCount "112"]
[EventDate "2008.??.??"]

1. c4 b6 2. Nc3 Bb7 3. Nf3 Nf6 4. g3 g5 5. Bg2 h5 6. d4 g4 7. Nh4 Bxg2 8. Nxg2
Bg7 9. e3 Nc6 10. a3 d5 11. Nf4 dxc4 12. Qa4 Qd7 13. Qxc4 e5 14. dxe5 Nxe5 15.
Qb5 Nf3+ 16. Kf1 Qxb5+ 17. Nxb5 O-O-O 18. Ke2 c6 19. Nd4 Nxd4+ 20. exd4 Rxd4
21. Be3 Rc4 22. Kd3 Re4 23. Rac1 Rd8+ 24. Ke2 Kb7 25. Rc2 Nd5 26. Nxd5 cxd5 27.
b4 f5 28. Kd3 b5 29. Rc5 a6 30. Bf4 Rc4 31. Rc1 Rc8 32. Rc2 R8xc5 33. bxc5 Rxc2
34. Kxc2 Kc6 35. Be3 d4 36. Bd2 Kxc5 37. Kd3 Kd5 38. Bc1 Bf8 39. Bb2 Bc5 40.
Bc1 a5 41. Bb2 Bb6 42. Ba1 Ke5 43. Bb2 Bc5 44. Bc1 b4 45. a4 Kd5 46. Bb2 b3 47.
Bc1 Bb6 48. Bb2 Ke5 49. Bc1 Kd5 50. Bb2 Ba7 51. Bc1 Bb8 52. Bb2 Be5 53. Ba3 f4
54. Bb2 fxg3 55. hxg3 Bf6 56. Ba1 Kc5 0-1

[Event "Championnat de France des Jeunes - Minim"]
[Site "LA ROCHE SUR YON"]
[Date "2008.04.26"]
[Round "8.1"]
[White "Samoun, Florent"]
[Black "Sochacki, Wojtek"]
[Result "1/2-1/2"]
[WhiteElo "1987"]
[BlackElo "2245"]
[PlyCount "34"]
[EventDate "2008.??.??"]

1. e4 e6 2. d4 d5 3. Nd2 Nc6 4. c3 e5 5. dxe5 Nxe5 6. Ngf3 Nxf3+ 7. Nxf3 Be6 8.
Nd4 dxe4 9. Nxe6 Qxd1+ 10. Kxd1 fxe6 11. Bc4 Bc5 12. Re1 Nf6 13. Bxe6 Bxf2 14.
Re2 Bc5 15. Bg5 Bd6 16. Bxf6 gxf6 17. g3 Be5 1/2-1/2

[Event "Championnat de France des Jeunes - Minim"]
[Site "LA ROCHE SUR YON"]
[Date "2008.04.26"]
[Round "8.2"]
[White "Buscara, Sevan"]
[Black "Dubessay, Bastien"]
[Result "0-1"]
[WhiteElo "2146"]
[BlackElo "2097"]
[PlyCount "131"]
[EventDate "2008.??.??"]

1. d4 Nf6 2. Nf3 g6 3. Bg5 Bg7 4. Nbd2 O-O 5. c3 d6 6. e4 c5 7. dxc5 dxc5 8.
Bc4 Nc6 9. O-O Qc7 10. Qe2 h6 11. Bh4 Nh5 12. Rfe1 g5 13. Bg3 Nxg3 14. hxg3 b6
15. Nf1 Bb7 16. Ne3 e6 17. Ng4 Qe7 18. Nd2 Rfd8 19. Rad1 Rd7 20. f4 Rad8 21. e5
gxf4 22. gxf4 h5 23. Nf2 Qh4 24. Qe3 Ne7 25. Nf3 Bxf3 26. Rxd7 Rxd7 27. Qxf3
Nf5 28. Bd3 Nh6 29. g3 Qd8 30. Rd1 Ng4 31. Ne4 Bxe5 32. fxe5 Nxe5 33. Nf6+ Kg7
34. Nxh5+ Kf8 35. Qe3 Rxd3 36. Rxd3 Nxd3 37. Qh6+ Ke7 38. Qf6+ Kd7 39. Qxf7+
Qe7 40. Qf3 Nxb2 41. Nf6+ Kc7 42. Qf4+ Kb7 43. Qe4+ Kb8 44. Qe5+ Qc7 45. Qg5 c4
46. Kh2 Qd6 47. Ne4 Qd5 48. Qf4+ Kb7 49. g4 e5 50. Qf5 Nd1 51. Qf3 Nxc3 52.
Qf7+ Qxf7 53. Nd6+ Kc6 54. Nxf7 Kd5 55. g5 Ne4 56. g6 Nf6 57. Nh6 Ke6 58. Nf7
c3 59. Ng5+ Kf5 60. Nf3 c2 61. Nh4+ Kg4 62. g7 c1=Q 63. g8=Q+ Nxg8 64. Ng2 Qh6+
65. Kg1 Kg3 66. Kf1 0-1

[Event "Championnat de France des Jeunes - Minim"]
[Site "LA ROCHE SUR YON"]
[Date "2008.04.26"]
[Round "8.3"]
[White "Ludwig, Remi"]
[Black "Martin, Cedric"]
[Result "1-0"]
[WhiteElo "2136"]
[BlackElo "2125"]
[PlyCount "81"]
[EventDate "2008.??.??"]

1. d4 d6 2. c4 e5 3. Nc3 exd4 4. Qxd4 Nc6 5. Qd2 Nf6 6. b3 a5 7. Bb2 a4 8. Rd1
a3 9. Ba1 Be7 10. g3 O-O 11. Nh3 Ne5 12. Nf4 c6 13. Bg2 Qc7 14. O-O Rd8 15. Ne4
Bf5 16. Nxf6+ Bxf6 17. Nh5 Be7 18. h3 Bf8 19. g4 Bg6 20. Ng3 Nd7 21. e4 Re8 22.
b4 Nb6 23. Qc3 f6 24. Rfe1 Bf7 25. Bf1 Be6 26. Nf5 Qf7 27. Ne3 h5 28. f4 Bc8
29. Bd3 Kh8 30. Rd2 Qe7 31. Rde2 Be6 32. f5 Bf7 33. Ng2 Nd7 34. Nf4 Ne5 35. Kg2
h4 36. Rc1 Qc7 37. Qc2 g5 38. fxg6 Bxg6 39. Bxe5 fxe5 40. Nxg6+ Kg7 41. Nxh4
1-0

[Event "Championnat de France des Jeunes - Minim"]
[Site "LA ROCHE SUR YON"]
[Date "2008.04.26"]
[Round "8.4"]
[White "Iwanesko, Alexandre"]
[Black "Hoareau, William"]
[Result "0-1"]
[WhiteElo "2060"]
[BlackElo "2065"]
[PlyCount "78"]
[EventDate "2008.??.??"]

1. e4 c5 2. Nf3 Nc6 3. d4 cxd4 4. Nxd4 g6 5. c4 Nf6 6. Nc3 d6 7. Be2 Nxd4 8.
Qxd4 Bg7 9. Be3 O-O 10. Qd2 Be6 11. O-O Qa5 12. f3 Rfc8 13. b3 a6 14. Rac1 Nd7
15. Bh6 Bxh6 16. Qxh6 b5 17. f4 Qb6+ 18. Kh1 Qe3 19. Bf3 Rab8 20. Rfe1 Qd2 21.
Qh4 Nc5 22. Nb1 Qd4 23. Rcd1 Nd3 24. Rf1 bxc4 25. bxc4 Rb2 26. Nd2 Qe3 27. f5
g5 28. Qg3 Bd7 29. Nb1 Nf2+ 30. Rxf2 Rxf2 31. Nc3 Rd2 32. Nd5 Rxd1+ 33. Bxd1
Qxg3 34. hxg3 Rxc4 35. Bf3 g4 36. Bxg4 Rxe4 37. Bf3 Re1+ 38. Kh2 Bxf5 39. Nxe7+
Rxe7 0-1

[Event "Championnat de France des Jeunes - Minim"]
[Site "LA ROCHE SUR YON"]
[Date "2008.04.26"]
[Round "8.5"]
[White "Massoni, Michael"]
[Black "Fevre, Mathieu"]
[Result "0-1"]
[WhiteElo "2176"]
[BlackElo "2040"]
[PlyCount "52"]
[EventDate "2008.??.??"]

1. e4 c5 2. Nf3 e6 3. d4 cxd4 4. Nxd4 Nc6 5. Nc3 Qc7 6. Nxc6 bxc6 7. Bd3 d5 8.
exd5 cxd5 9. O-O Nf6 10. Qf3 a6 11. Bg5 Be7 12. Rfe1 O-O 13. Re2 Rb8 14. Rae1
Rxb2 15. Re5 Bb7 16. Qh3 g6 17. Nd1 Rb1 18. f4 Ne4 19. Bxe4 dxe4 20. Bxe7 Qxe7
21. Qg4 Qd6 22. Rf1 Qd4+ 23. Nf2 Rxf1+ 24. Kxf1 Bd5 25. Rg5 Rb8 26. Qd1 Bc4+
0-1

[Event "Championnat de France des Jeunes - Minim"]
[Site "LA ROCHE SUR YON"]
[Date "2008.04.26"]
[Round "8.1"]
[White "Forgues, Valerie"]
[Black "Muller, Marion"]
[Result "1-0"]
[WhiteElo "1970"]
[BlackElo "1815"]
[PlyCount "139"]
[EventDate "2008.??.??"]

1. e4 c6 2. d4 d5 3. Nc3 dxe4 4. Nxe4 Bf5 5. Ng3 Bg6 6. h4 h6 7. Nh3 Nf6 8. Nf4
Bh7 9. Bc4 e6 10. O-O Nd5 11. Qg4 Nxf4 12. Bxf4 Nd7 13. Be5 Nf6 14. Qe2 Bd6 15.
Rad1 O-O 16. Rfe1 Qe7 17. Bd3 Bxd3 18. Rxd3 Rfd8 19. Rb3 Rd7 20. Rf3 Ng4 21.
Rf4 Nxe5 22. dxe5 Bc7 23. Nh5 Kh8 24. Rg4 Rg8 25. Qe3 Bb6 26. Qf4 Rd4 27. Re4
Rd1+ 28. Kh2 Rf1 29. Re2 Qc5 30. Qxf7 Rxf2 31. Qxf2 Qxf2 32. Rxf2 Bxf2 33. Rf4
Be3 34. Rf7 b5 35. Re7 Bd4 36. Rxe6 Bxb2 37. Kh3 b4 38. Re7 a5 39. e6 g6 40.
Nf4 g5 41. Nd3 Bd4 42. Rd7 Bf6 43. Rf7 Bg7 44. hxg5 hxg5 45. Rc7 Re8 46. Rxc6
Bf6 47. Nc5 Kg8 48. Ne4 Kg7 49. Kg4 Be7 50. Nxg5 Rd8 51. Nf3 Kf6 52. Ra6 Rd5
53. Kf4 Rd6 54. Rxa5 Rxe6 55. Nd4 Bd6+ 56. Kf3 Re1 57. Ra6 Ke5 58. Ne2 Rf1+ 59.
Ke3 Bc5+ 60. Kd2 Rf2 61. g3 Ke4 62. Re6+ Kd5 63. Rg6 Ke4 64. Rg4+ Kd5 65. Ke1
Rf3 66. Nf4+ Kd6 67. Nd3 Rf5 68. Nxb4 Bxb4+ 69. Rxb4 Rc5 70. Kd2 1-0

[Event "Championnat de France des Jeunes - Minim"]
[Site "LA ROCHE SUR YON"]
[Date "2008.04.26"]
[Round "8.2"]
[White "Jeannerot, Lea"]
[Black "Soubirou, Oriane"]
[Result "0-1"]
[WhiteElo "1946"]
[BlackElo "1820"]
[PlyCount "94"]
[EventDate "2008.??.??"]

1. e4 c5 2. Nc3 a6 3. g3 b5 4. Bg2 Bb7 5. Nge2 e6 6. O-O Nf6 7. d3 b4 8. Nb1 d5
9. e5 Nfd7 10. f4 Nc6 11. c3 a5 12. d4 Qb6 13. Kh1 g6 14. a3 bxc3 15. bxc3 a4
16. g4 Na5 17. Nd2 Nb3 18. dxc5 Ndxc5 19. Rb1 Ba6 20. Rf3 Rb8 21. Nd4 Be7 22.
f5 Bc8 23. Bf1 Bd7 24. fxe6 fxe6 25. c4 Qc7 26. N4xb3 Nxb3 27. Nxb3 axb3 28.
Rfxb3 Rxb3 29. Qxb3 O-O 30. Bh6 dxc4 31. Bxc4 Qc6+ 32. Bd5 exd5 33. Bxf8 Bxf8
34. g5 Be6 35. Qf3 Bf5 36. Rb8 Qc1+ 37. Kg2 Qxg5+ 38. Kf2 Qd2+ 39. Kg3 Qe1+ 40.
Kf4 Qd2+ 41. Kg3 Qd4 42. Qe2 Kf7 43. Rb7+ Be7 44. e6+ Kf6 45. Qe1 Qg4+ 46. Kf2
Bc5+ 47. Kf1 Bd3+ 0-1

[Event "Championnat de France des Jeunes - Minim"]
[Site "LA ROCHE SUR YON"]
[Date "2008.04.26"]
[Round "8.3"]
[White "Lemaitre, Delphine"]
[Black "Lefevre, Margaux"]
[Result "0-1"]
[WhiteElo "1724"]
[BlackElo "1968"]
[PlyCount "84"]
[EventDate "2008.??.??"]

1. e4 c5 2. Nf3 Nc6 3. d4 cxd4 4. Nxd4 d6 5. c4 Nf6 6. Nc3 Nxd4 7. Qxd4 g6 8.
Be2 Bg7 9. Be3 O-O 10. Qd1 Be6 11. Rc1 Qa5 12. O-O Rfc8 13. b3 Rab8 14. f3 a6
15. Qd2 b5 16. Nd5 Qxd2 17. Bxd2 Nxd5 18. cxd5 Bd4+ 19. Kh1 Bd7 20. Rxc8+ Rxc8
21. Rc1 Rxc1+ 22. Bxc1 e6 23. Bf4 Bc5 24. a4 bxa4 25. bxa4 exd5 26. exd5 Bxa4
27. Bxa6 Bb3 28. Bb7 Kf8 29. Bc6 Ke7 30. g4 Kd8 31. h4 Kc7 32. Kg2 Bc4 33. h5
Kb6 34. hxg6 fxg6 35. Bg3 Bb5 36. Bxb5 Kxb5 37. g5 Kc4 38. f4 Kxd5 39. Kf3 Ke6
40. Be1 Kf5 41. Bd2 d5 42. Ke2 Ke4 0-1

[Event "Championnat de France des Jeunes - Minim"]
[Site "LA ROCHE SUR YON"]
[Date "2008.04.26"]
[Round "8.4"]
[White "Uhl, Sarah"]
[Black "Dourerassou, Cynthia"]
[Result "0-1"]
[WhiteElo "1850"]
[BlackElo "1909"]
[PlyCount "74"]
[EventDate "2008.??.??"]

1. e4 e5 2. Nf3 Nc6 3. Bc4 Bc5 4. c3 Nf6 5. d4 exd4 6. cxd4 Bb4+ 7. Nc3 Bxc3+
8. bxc3 d5 9. exd5 Nxd5 10. Ba3 Be6 11. O-O Qd7 12. Re1 O-O-O 13. Qc2 Bf5 14.
Bd3 Bxd3 15. Qxd3 g5 16. Ne5 Nxe5 17. Rxe5 f6 18. Ree1 h5 19. Rab1 Rhe8 20. Bc5
Nf4 21. Qf3 Rxe1+ 22. Rxe1 Kb8 23. g3 Qh3 24. a4 h4 25. Rb1 b6 26. a5 hxg3 27.
fxg3 Rh8 28. Rb2 Re8 29. Rb1 Re2 30. axb6 Qxh2+ 31. Kf1 Qh3+ 32. Kg1 Rg2+ 33.
Kf1 Rxg3+ 34. Ke1 Rg1+ 35. Kd2 Rg2+ 36. Kc1 Qh1+ 37. Qd1 Nd3# 0-1

[Event "Championnat de France des Jeunes - Minim"]
[Site "LA ROCHE SUR YON"]
[Date "2008.04.26"]
[Round "8.5"]
[White "Berthelot, Maeva"]
[Black "Jolly, Marie"]
[Result "1/2-1/2"]
[WhiteElo "1787"]
[BlackElo "1723"]
[PlyCount "98"]
[EventDate "2008.??.??"]

1. e4 e6 2. d4 d5 3. e5 c5 4. dxc5 Bxc5 5. Qg4 Bf8 6. Nf3 Bd7 7. Bd3 Nc6 8. c3
Nge7 9. Bf4 Ng6 10. Bxg6 hxg6 11. Nbd2 Rc8 12. Nb3 a6 13. h4 Ne7 14. h5 gxh5
15. Rxh5 Rxh5 16. Qxh5 Ng6 17. Bg3 Bb5 18. Nbd4 Bd3 19. O-O-O Be4 20. Ng5 Qa5
21. Nxe4 dxe4 22. Kb1 Qb6 23. Ka1 Rc5 24. Qg5 Be7 25. Qe3 Nxe5 26. Nb3 Ng4 27.
Qxe4 Nf6 28. Qe3 Rd5 29. Rxd5 Nxd5 30. Qxb6 Nxb6 31. Na5 Nd5 32. Nxb7 Kd7 33.
Na5 Bd6 34. Bxd6 Kxd6 35. Kb1 Nf4 36. g3 Nd3 37. f4 e5 38. Nc4+ Kd5 39. Nxe5
Nxe5 40. fxe5 Kxe5 41. Kc2 f5 42. Kd3 g5 43. Ke3 Kd5 44. b3 Kc5 45. c4 a5 46.
a3 a4 47. b4+ Kxc4 48. Kf3 Kd4 49. Ke2 Kc4 1/2-1/2

[Event "Championnat de France des Jeunes - Benja"]
[Site "LA ROCHE SUR YON"]
[Date "2008.04.26"]
[Round "8.1"]
[White "Loiseau, Quentin"]
[Black "Sochacki, Christophe"]
[Result "0-1"]
[WhiteElo "2012"]
[BlackElo "2185"]
[PlyCount "82"]
[EventDate "2008.??.??"]

1. c4 e6 2. Nf3 Nf6 3. g3 d5 4. Bg2 Be7 5. O-O O-O 6. d4 dxc4 7. Qc2 c6 8. Qxc4
b5 9. Qc2 Bb7 10. Bg5 Nbd7 11. Nbd2 Rc8 12. Bxf6 gxf6 13. Ne1 Qb6 14. Nb3 c5
15. dxc5 Nxc5 16. Nxc5 Rxc5 17. Qb3 Bxg2 18. Kxg2 Rfc8 19. Kg1 Qa5 20. Nf3 f5
21. Rfd1 Bf6 22. Ne1 Qa4 23. Qxa4 bxa4 24. Rab1 Rb5 25. Rd2 a3 26. b3 Rbc5 27.
Nd3 Rc2 28. Rbd1 e5 29. Nb4 Rb2 30. Nd5 Bd8 31. Ne3 Bg5 32. Rxb2 axb2 33. Nc4
Bc1 34. Na3 Rc6 35. Nb1 Bg5 36. Kf1 Rc1 37. Ke1 f4 38. gxf4 exf4 39. f3 Bh4+
40. Kd2 Bf2 41. Rxc1 Be3+ 0-1

[Event "Championnat de France des Jeunes - Benja"]
[Site "LA ROCHE SUR YON"]
[Date "2008.04.26"]
[Round "8.2"]
[White "Netzer, Jacques"]
[Black "Lagarde, Maxime"]
[Result "0-1"]
[WhiteElo "2059"]
[BlackElo "2308"]
[PlyCount "94"]
[EventDate "2008.??.??"]

1. e4 c5 2. d3 g6 3. g3 Bg7 4. Bg2 Nc6 5. f4 d6 6. Nf3 e6 7. O-O Nge7 8. c3 O-O
9. Be3 Rb8 10. Bf2 b6 11. Na3 Bb7 12. Nc2 h6 13. Re1 Qd7 14. Qe2 Rbe8 15. Rad1
Ba6 16. Qd2 Qc7 17. d4 Na5 18. b3 Bb7 19. c4 d5 20. cxd5 exd5 21. e5 c4 22. b4
Nac6 23. a4 a5 24. b5 Nb4 25. Qc3 Nxc2 26. Qxc2 Bc8 27. h3 Bf5 28. Qc3 h5 29.
Be3 Rc8 30. Bc1 Rfe8 31. Ba3 Bf8 32. Nh4 Be6 33. Kh2 Qd7 34. Rg1 Nf5 35. Nxf5
Bxf5 36. Bxf8 Rxf8 37. Rd2 Kg7 38. Bf1 Qe7 39. Rb2 f6 40. Bg2 fxe5 41. dxe5
Rfd8 42. Rd1 d4 43. Rxd4 Rxd4 44. Qxd4 c3 45. e6+ Kh7 46. Rb3 c2 47. Rc3 c1=Q
0-1

[Event "Championnat de France des Jeunes - Benja"]
[Site "LA ROCHE SUR YON"]
[Date "2008.04.26"]
[Round "8.3"]
[White "Moussard, Jules"]
[Black "Muheim, Sebastien"]
[Result "0-1"]
[WhiteElo "2283"]
[BlackElo "1972"]
[PlyCount "86"]
[EventDate "2008.??.??"]

1. e4 c5 2. Nf3 d6 3. d4 cxd4 4. Nxd4 Nf6 5. Nc3 a6 6. Be3 e6 7. f3 b5 8. g4 b4
9. Na4 Bd7 10. b3 Bxa4 11. bxa4 h6 12. Bg2 e5 13. Nb3 Nbd7 14. a5 Qc7 15. Qd3
Qc6 16. O-O Be7 17. Rfd1 O-O 18. Rd2 Rfd8 19. Rad1 Nf8 20. Qe2 Ne6 21. f4 g5
22. f5 Nf4 23. Bxf4 gxf4 24. h4 Nh7 25. Qf2 Rac8 26. Bf3 Kh8 27. Kh2 Rg8 28.
Rg1 Qc3 29. Kh3 h5 30. g5 Bxg5 31. hxg5 Nxg5+ 32. Rxg5 Rxg5 33. Kh4 Rg3 34.
Rxd6 Rxf3 35. Qb6 Rh3+ 36. Kg5 Qg3+ 37. Kf6 Qg7+ 38. Ke7 f6+ 39. Ke6 Qg8+ 40.
Kxf6 Re8 41. Qc7 Rg3 42. Rxa6 Qf8+ 43. Qf7 Qh6+ 0-1

[Event "Championnat de France des Jeunes - Benja"]
[Site "LA ROCHE SUR YON"]
[Date "2008.04.26"]
[Round "8.4"]
[White "Ringuet, Noe"]
[Black "Feryn, Benjamin"]
[Result "0-1"]
[WhiteElo "1821"]
[BlackElo "1899"]
[PlyCount "140"]
[EventDate "2008.??.??"]

1. d4 Nf6 2. Nf3 g6 3. Nc3 Bg7 4. e4 d6 5. h3 O-O 6. Be3 e5 7. dxe5 dxe5 8.
Qxd8 Rxd8 9. Bg5 Re8 10. O-O-O c6 11. a4 Be6 12. Nxe5 Nxe4 13. Nxe4 Bxe5 14. f4
Bd5 15. Nc5 b6 16. Nd3 Bd6 17. Nf2 Bf8 18. Ng4 Bg7 19. c4 Be6 20. Be2 Na6 21.
Rd6 Rac8 22. Rhd1 Nc5 23. Bf3 Nxa4 24. Nf6+ Bxf6 25. Bxf6 Bxc4 26. Bg4 Be6 27.
Bxe6 Rxe6 28. Rd8+ Re8 29. R8d7 a5 30. Rb7 Rb8 31. Rc7 Rec8 32. Rdd7 Rxc7 33.
Rxc7 Nc5 34. Rxc6 Nd3+ 35. Kd2 Nxf4 36. Bd4 Rd8 37. Ke3 Nxg2+ 38. Ke4 Re8+ 39.
Kf3 Nh4+ 40. Kf2 Rb8 41. Bxb6 Nf5 42. Bxa5 Rxb2+ 43. Kg1 h5 44. Rc8+ Kh7 45.
Bc3 Rb1+ 46. Kh2 Ng7 47. Rc7 Rf1 48. Kg2 Rf5 49. h4 Ne6 50. Rc8 f6 51. Rc6 Nf4+
52. Kh2 Nd5 53. Ba1 Rf4 54. Kh3 g5 55. hxg5 fxg5 56. Rd6 Rh4+ 57. Kg3 Rg4+ 58.
Kf3 Rf4+ 59. Kg3 h4+ 60. Kh3 Rf3+ 61. Kg4 Rg3+ 62. Kf5 Ne3+ 63. Kf6 h3 64. Rd8
h2 65. Ke6 Ng4 66. Rh8+ Kg6 67. Rg8+ Kh5 68. Rh8+ Nh6 69. Bg7 Rh3 70. Rxh6+ Kg4
0-1

[Event "Championnat de France des Jeunes - Benja"]
[Site "LA ROCHE SUR YON"]
[Date "2008.04.26"]
[Round "8.5"]
[White "Ider, Borya"]
[Black "Gueriche, Guillaume"]
[Result "1-0"]
[WhiteElo "2074"]
[BlackElo "1819"]
[PlyCount "75"]
[EventDate "2008.??.??"]

1. Nf3 Nf6 2. c4 d6 3. d4 g6 4. g3 Bg7 5. Bg2 O-O 6. O-O Nbd7 7. Nc3 c5 8. Bg5
cxd4 9. Nxd4 Rb8 10. Rc1 Nb6 11. b3 Bd7 12. Qd2 a6 13. Rfd1 Ng4 14. h3 Ne5 15.
Nd5 Re8 16. Qb4 Nxd5 17. cxd5 a5 18. Qd2 f6 19. Be3 h5 20. f4 Nf7 21. Qd3 f5
22. Ne6 Bxe6 23. dxe6 Nh6 24. Qb5 Rf8 25. Ba7 Rc8 26. Bxb7 Rc3 27. Rxc3 Bxc3
28. Rc1 Qc7 29. Kh2 Kh7 30. Bd4 Rb8 31. Rxc3 Qxb7 32. Qxb7 Rxb7 33. Rc8 Ng8 34.
Rf8 Rc7 35. Rf7+ Kh6 36. Rg7 Rc8 37. Kg2 Rc2 38. Rxg8 1-0

[Event "Championnat de France des Jeunes - Benja"]
[Site "LA ROCHE SUR YON"]
[Date "2008.04.26"]
[Round "8.1"]
[White "Haussernot, Cecile"]
[Black "Afraoui, Solenn"]
[Result "1-0"]
[WhiteElo "1864"]
[BlackElo "1830"]
[PlyCount "135"]
[EventDate "2008.??.??"]

1. e4 c5 2. Nf3 d6 3. d4 cxd4 4. Nxd4 Nf6 5. Nc3 a6 6. Bc4 b5 7. Bb3 e6 8. Qf3
Bb7 9. O-O Nbd7 10. Re1 Nc5 11. Bg5 h6 12. Bh4 Nxb3 13. axb3 Be7 14. Bxf6 Bxf6
15. Nde2 O-O 16. Ng3 g6 17. Rad1 Be5 18. Qg4 Qg5 19. Qe2 f5 20. exf5 exf5 21.
Kh1 f4 22. Nge4 f3 23. Qf1 Qxg2+ 24. Qxg2 fxg2+ 25. Kxg2 Rf4 26. f3 Raf8 27.
Re3 Bxc3 28. bxc3 d5 29. Nc5 d4 30. Rxd4 Bxf3+ 31. Kg3 R4f5 32. Ne6 R8f7 33.
Nf4 Bh5 34. h4 Kg7 35. b4 R5f6 36. Re8 Rf8 37. Ne6+ Rxe6 38. Rxe6 Rf3+ 39. Kg2
Rxc3 40. Rd7+ Kf8 41. Rxa6 Rxc2+ 42. Kg3 Rc3+ 43. Kf4 Rf3+ 44. Ke4 Rf7 45. Ra8+
Kg7 46. Rxf7+ Kxf7 47. Ke3 Bd1 48. Rb8 Ba4 49. Rb6 Kg7 50. Rb7+ Kf6 51. Rh7 h5
52. Kf4 Bb3 53. Rb7 Bc4 54. Rb6+ Kf7 55. Kg5 Bd3 56. Rf6+ Ke7 57. Rxg6 Bxg6 58.
Kxg6 Ke6 59. Kxh5 Kf5 60. Kh6 Kf6 61. h5 Kf7 62. Kg5 Kg7 63. Kf5 Kh6 64. Ke5
Kxh5 65. Kd6 Kg6 66. Kc6 Kf6 67. Kxb5 Ke6 68. Kc6 1-0

[Event "Championnat de France des Jeunes - Benja"]
[Site "LA ROCHE SUR YON"]
[Date "2008.04.26"]
[Round "8.2"]
[White "Aflalo, Sophie"]
[Black "Eid, Maha"]
[Result "1/2-1/2"]
[WhiteElo "1959"]
[BlackElo "1942"]
[PlyCount "96"]
[EventDate "2008.??.??"]

1. e4 c5 2. Nf3 e6 3. d4 cxd4 4. Nxd4 a6 5. c4 Qc7 6. Nc3 Nf6 7. Be3 Be7 8. Be2
d6 9. O-O O-O 10. Kh1 b6 11. Qd2 Bb7 12. f3 Nbd7 13. Rfc1 Rac8 14. a4 Qb8 15.
a5 Bd8 16. axb6 Nxb6 17. b3 Bc7 18. Na2 Nbd7 19. Nb4 Bb6 20. Nxa6 Bxa6 21. Rxa6
Nc5 22. Ra3 d5 23. b4 Ncd7 24. c5 Bd8 25. Ba6 Rc7 26. c6 dxe4 27. cxd7 Rxc1+
28. Qxc1 Qxb4 29. Nc6 Qd6 30. fxe4 Ng4 31. Bg1 Bb6 32. Rd3 Qxh2+ 33. Bxh2 Nf2+
34. Kg1 Nxd3+ 35. Kf1 Nxc1 36. Bc4 Ra8 37. Bg1 Bc7 38. Ne7+ Kh8 39. Nc8 Bd8 40.
Bb6 Bg5 41. Be3 Bd8 42. Bb6 Bg5 43. Be3 Bd8 44. Nd6 Kg8 45. Nc8 Ra4 46. Bb5 Rb4
47. Bc6 Rc4 48. Bb5 Rb4 1/2-1/2

[Event "Championnat de France des Jeunes - Benja"]
[Site "LA ROCHE SUR YON"]
[Date "2008.04.26"]
[Round "8.3"]
[White "Daadaa, Soha"]
[Black "Neuhauser, Salome"]
[Result "0-1"]
[WhiteElo "1650"]
[BlackElo "1945"]
[PlyCount "64"]
[EventDate "2008.??.??"]

1. d4 Nf6 2. c4 e6 3. Nc3 Bb4 4. e3 b6 5. Nf3 Bb7 6. Be2 Ne4 7. Qc2 f5 8. O-O
Bxc3 9. bxc3 O-O 10. Rd1 Qf6 11. Bb2 d6 12. Qb3 Nd7 13. Rac1 Ng5 14. d5 Nxf3+
15. Bxf3 e5 16. Ba3 e4 17. Be2 f4 18. exf4 Qxf4 19. Rf1 Ne5 20. Qd1 Rf6 21. Rb1
Nf3+ 22. Bxf3 exf3 23. Qxf3 Qxc4 24. Qe3 Qxd5 25. f3 Qxa2 26. Ra1 Qc4 27. Rac1
Rg6 28. Bb2 Qb5 29. Rb1 Re8 30. Qf2 Re2 31. Ba1 Rxf2 32. Rxb5 Rgxg2+ 0-1

[Event "Championnat de France des Jeunes - Benja"]
[Site "LA ROCHE SUR YON"]
[Date "2008.04.26"]
[Round "8.4"]
[White "Seelen, Amandine"]
[Black "Griggio, Julie"]
[Result "1/2-1/2"]
[WhiteElo "1500"]
[BlackElo "1800"]
[PlyCount "107"]
[EventDate "2008.??.??"]

1. d4 Nf6 2. c4 g6 3. Nc3 Bg7 4. e4 d6 5. Nge2 O-O 6. Ng3 e5 7. d5 c6 8. Be2 c5
9. Be3 Bd7 10. O-O h5 11. h3 Nh7 12. f4 h4 13. Nh1 Bh6 14. Qd2 exf4 15. Bxf4
Ng5 16. Qe1 Bxh3 17. Bxd6 Qxd6 18. Qxh4 Bxg2 19. Kxg2 Kg7 20. Nf2 Nd7 21. Ng4
Rh8 22. Rh1 Rh7 23. Nxh6 Rah8 24. Nf5+ gxf5 25. Qxg5+ Kf8 26. Qd8+ Kg7 27.
Rxh7+ Rxh7 28. Qg5+ Kf8 29. Kf2 Qh2+ 30. Qg2 Qf4+ 31. Ke1 Qh4+ 32. Kd2 Qf4+ 33.
Kc2 Rh2 34. Rf1 Qe5 35. Qf3 Qg7 36. Qxf5 Nb6 37. Kb3 Rg2 38. Qf6 Qg8 39. Qd8+
Kg7 40. Qxg8+ Kxg8 41. Bf3 Rg3 42. e5 Kf8 43. d6 Nd7 44. Bxb7 Nxe5 45. Rd1 Ke8
46. Ka4 Nxc4 47. d7+ Kd8 48. Ne4 Nxb2+ 49. Kb5 Nxd1 50. Nxg3 Kxd7 51. Kxc5 a5
52. Bd5 Ke7 53. Bxf7 Nc3 54. Bb3 1/2-1/2

[Event "Championnat de France des Jeunes - Benja"]
[Site "LA ROCHE SUR YON"]
[Date "2008.04.26"]
[Round "8.5"]
[White "Aggoune, Audessa"]
[Black "Gan, Grace"]
[Result "0-1"]
[WhiteElo "1750"]
[BlackElo "1600"]
[PlyCount "152"]
[EventDate "2008.??.??"]

1. d4 d5 2. c4 e6 3. Nc3 c5 4. Nf3 Nf6 5. Bg5 Be7 6. e3 h6 7. Bf4 O-O 8. Bd3
Nc6 9. O-O a6 10. Qd2 Bd6 11. Bxd6 Qxd6 12. dxc5 Qxc5 13. Na4 Qe7 14. c5 Nd7
15. b4 Nde5 16. Be2 Bd7 17. Nb6 Rad8 18. Nd4 Bc8 19. Qc3 Nxd4 20. exd4 Nd7 21.
Nxc8 Rxc8 22. Rfe1 Nf6 23. f3 Qc7 24. Qe3 Rfe8 25. Bd1 Nd7 26. Bb3 b6 27. Rac1
bxc5 28. dxc5 Nb8 29. Qe2 a5 30. a3 axb4 31. axb4 Qf4 32. Qb5 Nc6 33. Rb1 Nxb4
34. Ba4 Qd4+ 35. Kh1 Nd3 36. Rf1 Nxc5 37. Bc2 g6 38. Qb4 Qf6 39. Qb2 Qe7 40.
Qb4 Qd6 41. Ba4 Red8 42. Rfc1 Qa6 43. Bb5 Qa7 44. Qd4 Qe7 45. Qb4 d4 46. Rd1
Qd6 47. Rbc1 Qe5 48. f4 Qxf4 49. Rxc5 Rxc5 50. Qxc5 Rd5 51. Qc4 Qf2 52. Qf1
Qxf1+ 53. Bxf1 e5 54. Kg1 Kf8 55. Kf2 Ke7 56. Rc1 Kd6 57. Kf3 Ra5 58. Bd3 Ra3
59. Ke4 f5+ 60. Kf3 Rxd3+ 61. Ke2 Ra3 62. Rb1 Rc3 63. Rb6+ Rc6 64. Rb3 Kd5 65.
Rg3 Ke4 66. Kd2 g5 67. Ra3 f4 68. Rb3 Kd5 69. Rb5+ Ke6 70. Rb1 Kf5 71. h3 g4
72. hxg4+ Kxg4 73. Rb3 h5 74. Rb5 Kf5 75. Rb3 Rc3 76. Rb5 Rg3 0-1

[Event "Championnat de France des Jeunes - Pupil"]
[Site "LA ROCHE SUR YON"]
[Date "2008.04.26"]
[Round "8.1"]
[White "Gelas, Christophe"]
[Black "Grandadam, Patrick"]
[Result "1/2-1/2"]
[WhiteElo "1813"]
[BlackElo "1965"]
[PlyCount "80"]
[EventDate "2008.??.??"]

1. d4 d5 2. c4 e6 3. Nc3 c6 4. e3 Nf6 5. Nf3 Nbd7 6. Qc2 b6 7. Bd3 Bb7 8. cxd5
cxd5 9. O-O Rc8 10. Qe2 Bd6 11. Bd2 O-O 12. Nb5 Bb8 13. Bb4 Re8 14. Bd6 a6 15.
Bxb8 Nxb8 16. Nc3 Ne4 17. Rac1 b5 18. Nd2 Nxc3 19. Rxc3 Rxc3 20. bxc3 Qa5 21.
Nb3 Qxc3 22. Rc1 Qb4 23. Qh5 g6 24. Qe5 Qf8 25. Na5 Rc8 26. Rc7 Nc6 27. Nxc6
Bxc6 28. a4 Rxc7 29. Qxc7 Qa8 30. a5 Qb7 31. Qxb7 Bxb7 32. Kf1 Kf8 33. Ke2 Ke7
34. Kd2 Kd6 35. f4 f6 36. Kc3 e5 37. h4 e4 38. Be2 Bc8 39. g4 h6 40. Kb4 g5
1/2-1/2